Maillot de cyclisme 2025 - Statistiques

Statistiques générales
  • Ce quiz a été pris 171 fois
  • Le résultat moyen est 14 sur 18
Statistiques - réponses
Par images Réponse % Correct
Groupama-FDJ
93%
Lidl - Trek
91%
Movistar
90%
Cofidis
89%
UAE Team Emirates
89%
Soudal - Quick Step
85%
RedBull - Bora-Hansgroh
84%
XDS Astana
84%
Decathlon AG2R La Mondiale
80%
Jayco AlUla
80%
Visma Lease a Bike
80%
EF Education - Easy Post
78%
Intermarché - Wanty
76%
Alpecin-Deceuninck
74%
Ineos Grenadiers
74%
Arkéa - B&B Hotels
73%
Picnic PostNL
67%
Bahrain Victorious
62%
Aucun quiz correspondant
Distribution des résultats
% des personnes avec chaque résultat
Percentile par nombre de réponses
Votre historique - résultats
Vous n’avez pas pris ce quiz